|
|
|
|
| LEADER |
00000naa2a2200000 4500 |
| 001 |
152265 |
| 005 |
20240221132723.0 |
| 035 |
|
|
|a (RuTPU)RU\TPU\book\165094
|
| 035 |
|
|
|a RU\TPU\tpu\14950
|
| 090 |
|
|
|a 152265
|
| 100 |
|
|
|a 20090129d1969 k y0rusy50 ca
|
| 101 |
0 |
|
|a rus
|
| 102 |
|
|
|a RU
|
| 200 |
1 |
|
|a Влияние концентрации лиганда на анодные и катодные пики на стационарном ртутном плёночном электроде при линейно-меняющемся потенциале
|f А. Г. Стромберг, Л. Н. Попова
|
| 463 |
|
0 |
|0 (RuTPU)RU\TPU\book\144508
|t Труды первой научной конференции Томского отделения ВХО им. Д. И. Менделеева
|f Томский политехнический институт; под ред. П. Г. Усова
|v С. 156-157
|d 1969
|p 306 с.
|
| 610 |
1 |
|
|a труды учёных ТПУ
|
| 700 |
|
1 |
|a Стромберг
|b А. Г.
|c химик, специалист в области классической полярографии и инверсионной вольтамперометрии
|c профессор Томского политехнического института
|f 1910-2004
|g Армин Генрихович
|3 (RuTPU)RU\TPU\pers\11188
|9 2478
|
| 701 |
|
1 |
|a Попова
|b Л. Н.
|
| 801 |
|
1 |
|a RU
|b 63413507
|c 20081011
|g PSBO
|
| 801 |
|
2 |
|a RU
|b 63413507
|c 20101214
|g PSBO
|
| 942 |
|
|
|c BK
|